Violence and Crime in Cross-National Perspective, 1900-1974

This data collection provides comparative, cross-national, longitudinal data on rates of violent and nonviolent crimes for every country in the world over a period of 74 years. The study was designed to supply both comparative breadth and historical depth. Data were compiled from 110 nations and 44...

Full description

Saved in:  
Bibliographic Details
Main Author: Archer, Dane (Author)
Contributors: Gartner, Rosemary (Contributor)
Format: Electronic Research Data
Language:English
Published: [Erscheinungsort nicht ermittelbar] [Verlag nicht ermittelbar] 1987
In:Year: 1987
Online Access: Volltext (kostenfrei)
Check availability: HBZ Gateway
Keywords:

MARC

LEADER 00000cam a22000002c 4500
001 1840062754
003 DE-627
005 20260430204234.0
007 cr uuu---uuuuu
008 230324s1987 xx |||||o 00| ||eng c
024 7 |a 10.3886/ICPSR08612.v1  |2 doi 
035 |a (DE-627)1840062754 
035 |a (DE-599)KXP1840062754 
040 |a DE-627  |b ger  |c DE-627  |e rda 
041 |a eng 
084 |a 2,1  |2 ssgn 
100 1 |a Archer, Dane  |e VerfasserIn  |4 aut 
245 1 0 |a Violence and Crime in Cross-National Perspective, 1900-1974 
264 1 |a [Erscheinungsort nicht ermittelbar]  |b [Verlag nicht ermittelbar]  |c 1987 
336 |a Text  |b txt  |2 rdacontent 
337 |a Computermedien  |b c  |2 rdamedia 
338 |a Online-Ressource  |b cr  |2 rdacarrier 
520 |a This data collection provides comparative, cross-national, longitudinal data on rates of violent and nonviolent crimes for every country in the world over a period of 74 years. The study was designed to supply both comparative breadth and historical depth. Data were compiled from 110 nations and 44 urban places over periods up to 74 years, 1900-1974. Information is included on murder, rape, robbery, assault, theft, and population. 
540 |a ICPSR Terms of Use 
650 4 |a Assault 
650 4 |a Crime 
650 4 |a international crime statistics 
650 4 |a Murder 
650 4 |a Rape 
650 4 |a Robbery 
650 4 |a Violence 
655 7 |a Forschungsdaten  |0 (DE-588)1098579690  |0 (DE-627)857755366  |0 (DE-576)469182156  |2 gnd-content 
700 1 |a Gartner, Rosemary  |e MitwirkendeR  |4 ctb 
787 0 8 |i Forschungsdaten zu  |a Huang, W.S.W.  |t Assessing indicators of crime among international crime data series  |d 1989  |w (DE-627)1912462133 
787 0 8 |i Forschungsdaten zu  |a Archer, Dane  |t Cities and homicide: A new look at an old paradox  |d 1978  |w (DE-627)1912479850 
787 0 8 |i Forschungsdaten zu  |a Ladd, Everett Carll  |t Crime in America; Crime and Punishment: An American Odyssey  |d 1997  |w (DE-627)1912498057 
787 0 8 |i Forschungsdaten zu  |a Gartner, Rosemary, 1952 -   |t Cross-national evidence on homicide and the age structure of the population  |d 1990  |w (DE-627)1912503328 
787 0 8 |i Forschungsdaten zu  |a Bennett, Richard R.  |t Does a difference make a difference? Comparing cross-national crime indicators  |d 1990  |w (DE-627)1912518090 
787 0 8 |i Forschungsdaten zu  |a Stamatel, Janet P.  |t The Effects of Wars on Postwar Homicide Rates  |d 2018  |w (DE-627)1740409825 
787 0 8 |i Forschungsdaten zu  |a Cheah, Ban Chuan  |t Essays on Distribution and Redistribution  |d [Erscheinungsort nicht ermittelbar] : University of Rochester, 1998  |w (DE-627)1912539330 
787 0 8 |i Forschungsdaten zu  |a Messner, Steven F.  |t Exploring the consequences of erratic data reporting for cross-national research on homicide  |d 1992  |w (DE-627)1764276787 
787 0 8 |i Forschungsdaten zu  |a Archer, Dane  |t Homicide and the death penalty: A cross-national test of a deterrence hypothesis  |d 1983  |w (DE-627)1912575280 
787 0 8 |i Forschungsdaten zu  |a Archer, Dane  |t Homicide in 110 nations: The development of the Comparative Crime Data File  |d 1977  |w (DE-627)1912575531 
787 0 8 |i Forschungsdaten zu  |a Hailemariam, Abebe  |t Income inequality and housing prices in the very long-run  |d 2021  |w (DE-627)1912588234 
787 0 8 |i Forschungsdaten zu  |a Archer, Dane  |t Legal homicide and its consequences  |d Jossey-Bass Publishers, 1978  |w (DE-627)1912607972 
787 0 8 |i Forschungsdaten zu  |a Gartner, Rosemary, 1952 -   |t Methodological issues in cross-cultural large-survey research on violence  |d 1993  |w (DE-627)1912621770 
787 0 8 |i Forschungsdaten zu  |a Wilkes, John  |t Murder in mind  |d 1987  |w (DE-627)1912628783 
787 0 8 |i Forschungsdaten zu  |a Archer, Dane  |t Peacetime casualties: The effects of war on the violent behavior of noncombatants  |d Worth Publishers, 2004  |w (DE-627)1912647818 
787 0 8 |i Forschungsdaten zu  |a LaFree, Gary, 1951 -   |t A summary and review of cross-national comparative studies of homicide  |d SAGE Publications, 1999  |w (DE-627)1912718197 
787 0 8 |i Forschungsdaten zu  |a He, Ni  |t Testing an Integrated Durkheimian Modernization Theory versus a Dynamic Marxian Economic Theory: Pooled Cross-Sectional Time-Series Analysis of International Crime Data  |d [Erscheinungsort nicht ermittelbar] : University of Nebraska, 1997  |w (DE-627)1912722879 
787 0 8 |i Forschungsdaten zu  |a Churchill, Sefa  |t Urbanization and Housing Prices in OECD Countries: 1870 to 2016  |d [Erscheinungsort nicht ermittelbar] : [Verlag nicht ermittelbar], 2020  |w (DE-627)1912736853 
787 0 8 |i Forschungsdaten zu  |a Archer, Dane  |t Violence and Crime in a Cross-National Perspective  |d [Erscheinungsort nicht ermittelbar] : Yale University Press, 1984  |w (DE-627)1912743507 
787 0 8 |i Forschungsdaten zu  |a Carcach, Carlos  |t Violencia y Crecimiento Economico  |d 2011  |w (DE-627)1912744120 
787 0 8 |i Forschungsdaten zu  |a Archer, Dane  |t Violent acts and violent times: A comparative approach to postwar homicide rates  |d 1976  |w (DE-627)1912744147 
787 0 8 |i Forschungsdaten zu  |a Bouley, Eugene E.  |t Violent crime and modernization in Colombia  |d 1995  |w (DE-627)1883920663 
856 4 0 |u https://doi.org/10.3886/ICPSR08612.v1  |x Resolving-System  |z kostenfrei  |3 Volltext  |7 0 
935 |a mkri 
951 |a BO 
ELC |a 1 
LOK |0 000 xxxxxcx a22 zn 4500 
LOK |0 001 4296810421 
LOK |0 003 DE-627 
LOK |0 004 1840062754 
LOK |0 005 20230324125317 
LOK |0 008 230324||||||||||||||||ger||||||| 
LOK |0 035   |a (DE-2619)ICPSR8612 
LOK |0 040   |a DE-2619  |c DE-627  |d DE-2619 
LOK |0 092   |o n 
LOK |0 852   |a DE-2619 
LOK |0 852 1  |9 00 
LOK |0 935   |a foda  |a nacj 
LOK |0 939   |a 2023-03-24  |b l01 
OAS |a 1 
ORI |a WA-MARC-krimdoka001.raw